[Event "EU-ch Blitz"]
[Site "Katowice"]
[Date "2022.12.16"]
[Round "16"]
[White "Gvetadze, Sofio"]
[Black "Shilov, Sergey A"]
[Result "0-1"]
[WhiteElo "2298"]
[BlackElo "2047"]
[PlyCount "104"]
[EventDate "2022.12.16"]
[EventType "swiss (blitz)"]
[EventRounds "22"]
[EventCountry "POL"]
[SourceTitle "CBM 211 Extra"]
[Source "ChessBase"]
[SourceDate "2023.01.31"]
[SourceVersion "1"]
[SourceVersionDate "2023.01.31"]
[SourceQuality "1"]

1. Nf3 Nf6 2. g3 g6 3. Bg2 Bg7 4. 0-0 0-0 5. d3 c5 6. e4 d5 7. Nbd2 Nc6 8. Re1 b6 9. Qe2 e6 10. Nf1 a5 11. e5 Ng4 12. Bf4 f6 13. exf6 Nxf6 14. c3 a4 15. a3 h6 16. Ne5 Nxe5 17. Bxe5 Bd7 18. c4 Bc6 19. Bh3 Bd7 20. Rad1 Kh7 21. Ne3 b5 22. Bxf6 Bxf6 23. Bg2 Bc6 24. Ng4 Bd4 25. Qxe6 Bd7 26. Qe7+ Kh8 27. Qxd8 Raxd8 28. Ne3 dxc4 29. dxc4 bxc4 30. Rd2 c3 31. Rc2 cxb2 32. Nc4 Bf5 33. Rxb2 Bxb2 34. Nxb2 Rd2 35. Nxa4 Bd7 36. Nxc5 Rfxf2 37. Bh1 Bh3 38. Ne4 Rfe2 39. Rc1 Rc2 40. Rd1 Ra2 41. Rc1 Rxh2 42. Nc3 Rac2 43. Re1 Rhd2 44. Ne4 Re2 45. Rd1 Bg2 46. Rd8+ Kg7 47. Rd7+ Kf8 48. Bxg2 Rxg2+ 49. Kf1 Rh2 50. Kg1 Rhe2 51. Rd1 Rxe4 52. Rf1+ Kg7 0-1